| 000 | 00334nam a22001337a 4500 | ||
|---|---|---|---|
| 020 | _qPB. | ||
| 040 | _cFIZZA ISHAQ | ||
| 082 |
_a006.76 _bGEO |
||
| 100 |
_aREESE, GEORGE. _986832 |
||
| 245 |
_aCLOUD APPLICATION ARCHITECTURES / _cGEORGE REESE. |
||
| 260 |
_aNEW YORK : _b O' REILLY, _c2009. |
||
| 300 | _a189 P. ; | ||
| 942 |
_2ddc _cBK |
||
| 999 |
_c587420 _d587420 |
||